Analysis of the relation between the price of fodder mixture ingredients and the price of chicken meat

Hľadanie vhodného modelu, ktorý popisuje vzťah medzi cenou zložiek kŕmnej zmesi (pšenice, kukurice) a cenou kuracieho mäsa. Na dostupných poľnohospodárskych údajoch je prezentovaný postup nájdenia vhodného modelu. V modeloch je sledovaný vývoj ceny kuracieho mäsa v závislosti na čase, na cene kŕmnej...

Ausführliche Beschreibung

Gespeichert in:
Bibliographische Detailangaben
1. Verfasser: Pezlarová, Veronika
Format: Buchkapitel
Sprache:Englisch
Schlagworte:
Tags: Tag hinzufügen
Keine Tags, Fügen Sie das erste Tag hinzu!

MARC

LEADER 00000naa a2200000 4500
001 r047756
005 20240717104337.0
041 0 |a eng 
044 |a CZ 
245 1 0 |a Analysis of the relation between the price of fodder mixture ingredients and the price of chicken meat  |c Veronika Pezlarová 
520 |a Hľadanie vhodného modelu, ktorý popisuje vzťah medzi cenou zložiek kŕmnej zmesi (pšenice, kukurice) a cenou kuracieho mäsa. Na dostupných poľnohospodárskych údajoch je prezentovaný postup nájdenia vhodného modelu. V modeloch je sledovaný vývoj ceny kuracieho mäsa v závislosti na čase, na cene kŕmnej zmesi. Odhad ceny mäsa. 
610 2 0 |a modely 
610 2 0 |a korelácia 
610 2 0 |a analýzy 
610 2 0 |a mäso 
610 2 0 |a hydina 
610 2 0 |a krmoviny 
610 2 0 |a ceny 
610 2 0 |a odhady 
610 2 0 |a regresia 
100 1 |a Pezlarová, Veronika